[Event "XIII C.to Mondiale ICSC"]
[Site "Malente GER"]
[Date "2004.08.01"]
[Round "8"]
[White "Georgiev, Veselin"]
[Black "Collutiis, Duilio"]
[Result "1-0"]
[WhiteElo "2332"]
[BlackElo "2387"]
[PlyCount "79"]
[EventDate "2004.07.25"]

1. e4 c5 2. Nf3 Nc6 3. d4 cxd4 4. Nxd4 Qc7 5. Nb5 Qb8 6. c4 Nf6 7. N5c3 b6 8.
Be2 Bb7 9. O-O e6 10. Kh1 Be7 11. a3 d6 12. Be3 O-O 13. f4 Rd8 14. b4 Bf8 15.
Bf3 Ne7 16. Ra2 d5 17. exd5 exd5 18. Rd2 Nf5 19. Bg1 Ne4 20. Bxe4 dxe4 21. Nd5
Re8 22. Qg4 Nh6 23. Qg5 Bxd5 24. cxd5 Be7 25. Qh5 f5 26. Bd4 Rf8 27. Be5 Qd8
28. d6 Bf6 29. Nc3 Ng4 30. Nd5 g6 31. Nxf6+ Nxf6 32. Qd1 Qd7 33. Rc2 Rac8 34.
Rc7 Qe6 35. Re7 Qc4 36. Qa1 Qe2 37. Re1 Qd2 38. Rd1 Qe2 39. Rg1 Nh5 40. Qd1 1-0

[Event "XIII C.to Mondiale ICSC"]
[Site "Malente GER"]
[Date "2004.08.02"]
[Round "9"]
[White "Collutiis, Duilio"]
[Black "Hoffmann, Rainer"]
[Result "1-0"]
[WhiteElo "2387"]
[BlackElo "2139"]
[PlyCount "73"]
[EventDate "2004.07.25"]

1. e4 c5 2. Nf3 e6 3. d4 cxd4 4. Nxd4 Nf6 5. Nc3 d6 6. g3 a6 7. Bg2 Qc7 8. O-O
Be7 9. a4 Nc6 10. Nb3 b6 11. Qe2 Bb7 12. f4 O-O 13. g4 Nd7 14. g5 Nb4 15. Be3
Rfe8 16. Qd2 Rac8 17. Rf2 Qb8 18. Raf1 Bf8 19. h4 b5 20. axb5 axb5 21. h5 Nc5
22. Nxc5 dxc5 23. g6 f5 24. Qd7 Rc7 25. Qxb5 Bxe4 26. Qxb8 Rxb8 27. Nxe4 fxe4
28. Bxe4 Nd5 29. Bc1 Nf6 30. Bf3 c4 31. Re2 Rc5 32. Re5 Bd6 33. Rxe6 Bc7 34.
Rfe1 Rcb5 35. Rc6 Bb6+ 36. Kg2 Nxh5 37. Bxh5 1-0

[Event "XIII C.to Mondiale ICSC"]
[Site "Malente GER"]
[Date "2004.08.03"]
[Round "10"]
[White "Bokros, Istvan"]
[Black "Collutiis, Duilio"]
[Result "0-1"]
[WhiteElo "2130"]
[BlackElo "2387"]
[PlyCount "71"]
[EventDate "2004.07.25"]

1. e4 c5 2. Nf3 Nc6 3. d4 cxd4 4. Nxd4 Qc7 5. Nc3 e6 6. Be3 a6 7. Qd2 Nf6 8.
O-O-O Bb4 9. f3 Ne7 10. g4 d5 11. e5 Nd7 12. f4 Nc5 13. Bd3 Na4 14. Nde2 Nc6
15. Qe1 Nxc3 16. bxc3 Ba3+ 17. Kb1 Bd7 18. Qf2 b5 19. Bc5 Bxc5 20. Qxc5 Rc8 21.
Nd4 Qa5 22. Nb3 Qd8 23. Qd6 Ne7 24. Qxa6 O-O 25. Qa5 Rc7 26. Nd4 Qb8 27. Qb4
Nc8 28. Rhg1 Nb6 29. Rg3 Na4 30. Bxb5 Bxb5 31. Nxb5 Rc4 32. Qb3 Nc5 33. Qb2
Rxf4 34. c4 Rxc4 35. h3 Na4 36. Qb3 0-1

[Event "III Open"]
[Site "Bergamo ITA"]
[Date "2004.07.22"]
[Round "1"]
[White "Belotti, Bruno"]
[Black "Regorda, Vittorio"]
[Result "1-0"]
[WhiteElo "2417"]
[BlackElo "1784"]
[PlyCount "59"]
[EventDate "2004.07.22"]

1. c4 Nf6 2. g3 g6 3. Bg2 Bg7 4. Nc3 O-O 5. d3 d6 6. Rb1 c6 7. e4 e5 8. Nge2 c5
9. b4 Na6 10. a3 b6 11. O-O Nh5 12. h3 Bb7 13. Nd5 Nc7 14. g4 Nxd5 15. exd5 Nf6
16. bxc5 dxc5 17. Bg5 h6 18. Be3 Ne8 19. Bxc5 bxc5 20. Rxb7 Nd6 21. Rb1 f5 22.
gxf5 gxf5 23. Nc3 Qg5 24. Nb5 Rf6 25. Kh1 Rg6 26. Rg1 Nxb5 27. Rxb5 e4 28. dxe4
Be5 29. Bf3 Qh4 30. Rxg6+ 1-0

[Event "III Open"]
[Site "Bergamo ITA"]
[Date "2004.07.22"]
[Round "1"]
[White "Bettini, Massimo"]
[Black "Dervishi, Erald"]
[Result "0-1"]
[WhiteElo "1829"]
[BlackElo "2486"]
[PlyCount "54"]
[EventDate "2004.07.22"]

1. e4 e5 2. f4 exf4 3. Nf3 g5 4. Bc4 Bg7 5. d4 d6 6. O-O h6 7. Nc3 Nc6 8. e5
dxe5 9. Nxe5 Nxe5 10. Re1 Ne7 11. dxe5 Qxd1 12. Nxd1 Be6 13. Bb5+ c6 14. Bd3
O-O-O 15. b3 Nd5 16. Bb2 Rhe8 17. a3 Kb8 18. Bf1 Bf5 19. Rc1 Re6 20. Bd3 Bxd3
21. cxd3 Rde8 22. d4 f6 23. Nf2 fxe5 24. dxe5 Bxe5 25. Rxe5 Rxe5 26. Bxe5+ Rxe5
27. Ng4 Re6 0-1

[Event "III Open"]
[Site "Bergamo ITA"]
[Date "2004.07.22"]
[Round "1"]
[White "Drazic, Sinisa"]
[Black "Guglielmi, Dante"]
[Result "1-0"]
[WhiteElo "2461"]
[BlackElo "1817"]
[PlyCount "65"]
[EventDate "2004.07.22"]

1. c4 Nf6 2. Nc3 g6 3. g3 Bg7 4. Bg2 c6 5. e4 d6 6. Nge2 O-O 7. O-O Nbd7 8. d3
Nb6 9. b3 d5 10. cxd5 cxd5 11. e5 Ng4 12. d4 Nh6 13. Nf4 e6 14. g4 Bd7 15. Be3
Rc8 16. Rc1 Qe7 17. h3 Kh8 18. Qd2 Ng8 19. Nd3 Rc7 20. a4 Rfc8 21. Qb2 Bc6 22.
Bd2 Nd7 23. Ne2 f6 24. Bb4 Qe8 25. Bd6 fxe5 26. dxe5 Nb6 27. Bxc7 Rxc7 28. Nd4
Rf7 29. f4 Bh6 30. Rf2 Qd7 31. Nc5 Qe8 32. Qd2 Nd7 33. Ncxe6 1-0

[Event "III Open"]
[Site "Bergamo ITA"]
[Date "2004.07.22"]
[Round "1"]
[White "Malakhatko, Vadim"]
[Black "Piantoni, Pierino"]
[Result "1-0"]
[WhiteElo "2555"]
[BlackElo "1861"]
[PlyCount "83"]
[EventDate "2004.07.22"]

1. d4 d5 2. c4 e5 3. dxe5 d4 4. Nf3 Nc6 5. g3 Bg4 6. Bg2 f6 7. exf6 Nxf6 8. O-O
Be7 9. a3 a5 10. Nbd2 Qd7 11. Qa4 O-O 12. Re1 Ra6 13. b3 Qd6 14. Bb2 Bd7 15. c5
Qxc5 16. Bxd4 Nxd4 17. Qxd4 Qxd4 18. Nxd4 Rd6 19. N4f3 b5 20. Rac1 c5 21. e4
Rd3 22. Bf1 c4 23. Bxd3 cxd3 24. Rc3 Bxa3 25. Rxd3 Bc6 26. Nd4 Bb7 27. Ne6 Re8
28. Rd8 Bb4 29. Rxe8+ Nxe8 30. Rd1 a4 31. bxa4 bxa4 32. Rb1 Bxd2 33. Rxb7 a3
34. Ra7 Bc1 35. e5 h6 36. Kg2 Kh7 37. f4 Kg8 38. h4 Bb2 39. h5 Bc1 40. Kf3 Bb2
41. Ke4 Bc1 42. Kf5 1-0

[Event "III Open"]
[Site "Bergamo ITA"]
[Date "2004.07.22"]
[Round "1"]
[White "Prusikin, Michael"]
[Black "Elitropi, Giorgio"]
[Result "1-0"]
[WhiteElo "2517"]
[BlackElo "1831"]
[PlyCount "57"]
[EventDate "2004.07.22"]

1. d4 Nf6 2. Nf3 d6 3. c4 c6 4. Nc3 Qc7 5. g3 e5 6. Bg2 Be7 7. O-O O-O 8. e4
Re8 9. h3 Nbd7 10. Be3 Nf8 11. Qc2 Ng6 12. Rac1 Bd7 13. Rfd1 h6 14. a3 Bf8 15.
b4 Qc8 16. Kh2 Nh7 17. d5 f5 18. exf5 Bxf5 19. Qb3 c5 20. bxc5 dxc5 21. Nd2 Rb8
22. Nde4 b6 23. a4 Qd7 24. Rd2 Nf6 25. Nxf6+ gxf6 26. g4 Bxg4 27. hxg4 Qxg4 28.
Bh3 Qh4 29. Rg1 1-0

[Event "III Open"]
[Site "Bergamo ITA"]
[Date "2004.07.22"]
[Round "1"]
[White "Ranfagni, Stefano"]
[Black "Lalic, Bogdan"]
[Result "0-1"]
[WhiteElo "1841"]
[BlackElo "2527"]
[PlyCount "64"]
[EventDate "2004.07.22"]

1. e4 c6 2. d4 d5 3. e5 Bf5 4. Bd3 Bxd3 5. Qxd3 e6 6. Ne2 c5 7. Qb5+ Qd7 8.
Qxd7+ Nxd7 9. c3 Ne7 10. Nd2 Nc6 11. a3 c4 12. O-O Be7 13. Rb1 O-O 14. Nf3 Rfc8
15. Be3 b5 16. Nd2 a5 17. f4 g6 18. g4 f5 19. g5 b4 20. axb4 axb4 21. Ra1 Nb6
22. Rfb1 Na4 23. Nf1 Rcb8 24. Bd2 b3 25. Ne3 Nxb2 26. Rxa8 Rxa8 27. Rxb2 Ra1+
28. Bc1 Ba3 29. Nd1 Na7 30. Rd2 Bxc1 31. Nxc1 Rxc1 32. Kf2 Nb5 0-1

[Event "III Open"]
[Site "Bergamo ITA"]
[Date "2004.07.22"]
[Round "1"]
[White "Trozzi, Ettore"]
[Black "Nemeth, Viktoria"]
[Result "0-1"]
[WhiteElo "1440"]
[BlackElo "1912"]
[PlyCount "90"]
[EventDate "2004.07.22"]

1. e4 c5 2. Nf3 d6 3. d4 cxd4 4. Nxd4 Nf6 5. Nc3 g6 6. Be2 Bg7 7. O-O Nc6 8.
Nxc6 bxc6 9. Be3 O-O 10. Qd2 Be6 11. Bh6 Qc7 12. Bxg7 Kxg7 13. Rad1 Rfd8 14.
Rfe1 d5 15. exd5 Nxd5 16. Nxd5 Bxd5 17. Qc3+ Kg8 18. Bc4 Qb7 19. Bxd5 cxd5 20.
b3 Rac8 21. Qd2 Qc7 22. Rc1 e6 23. h3 Qc3 24. Qxc3 Rxc3 25. Re2 Rdc8 26. Kf1 d4
27. Ke1 d3 28. Rd2 dxc2 29. Ke2 R8c7 30. Rd3 R3c5 31. Kd2 Ra5 32. Rc3 Rxc3 33.
Kxc3 Rxa2 34. Rxc2 Rxc2+ 35. Kxc2 e5 36. Kd3 f5 37. f3 Kf7 38. g3 Ke6 39. f4
e4+ 40. Ke3 Kd5 41. g4 Kc5 42. gxf5 gxf5 43. h4 Kb4 44. Kd4 Kxb3 45. Ke5 e3 0-1

[Event "III Open"]
[Site "Bergamo ITA"]
[Date "2004.07.22"]
[Round "1"]
[White "Vignoli, Matteo"]
[Black "Ivanov, Mikhail M."]
[Result "0-1"]
[WhiteElo "1808"]
[BlackElo "2463"]
[PlyCount "56"]
[EventDate "2004.07.22"]

1. e4 c5 2. Nf3 a6 3. d4 cxd4 4. Nxd4 Nf6 5. Nc3 e5 6. Nb3 Bb4 7. Bd3 O-O 8.
O-O Bxc3 9. bxc3 d6 10. f4 Nbd7 11. Ba3 Re8 12. f5 b5 13. Kh1 Bb7 14. Qe2 d5
15. Nd2 Nb6 16. exd5 Nbxd5 17. Ne4 Nxe4 18. Qxe4 Qc7 19. f6 Nxf6 20. Qh4 e4 21.
Rxf6 exd3 22. Bb2 gxf6 23. c4 Qc6 24. Qg4+ Kh8 25. Rf1 Qxg2+ 26. Qxg2 Bxg2+ 27.
Kxg2 d2 28. Rxf6 Kg8 0-1

[Event "III Open"]
[Site "Bergamo ITA"]
[Date "2004.07.22"]
[Round "2"]
[White "Andersen, Alf R."]
[Black "Malakhatko, Vadim"]
[Result "0-1"]
[WhiteElo "2186"]
[BlackElo "2555"]
[PlyCount "82"]
[EventDate "2004.07.22"]

1. e4 e6 2. d3 d5 3. Nd2 Nf6 4. Ngf3 b6 5. c3 Bb7 6. Qc2 Be7 7. Be2 O-O 8. O-O
c5 9. Re1 Nc6 10. Nf1 Rc8 11. Bf4 b5 12. Rad1 d4 13. Qb3 Qb6 14. N1d2 Nd7 15.
Rc1 e5 16. Bg3 Na5 17. Qc2 Bd6 18. c4 a6 19. b3 Nc6 20. Qb2 Rb8 21. Rf1 g6 22.
Ng5 Qd8 23. h4 Be7 24. f4 exf4 25. Bxf4 Nde5 26. Ndf3 Nxf3+ 27. Nxf3 Rc8 28.
Qd2 Qa5 29. Qxa5 Nxa5 30. Bh6 Rfe8 31. Ng5 Bxg5 32. Bxg5 f5 33. cxb5 axb5 34.
Rf4 Kg7 35. Rf2 c4 36. bxc4 bxc4 37. dxc4 Bxe4 38. Bd2 Nc6 39. Rff1 Bxg2 40.
Rf2 Be4 41. h5 41... Kf6 {...} 0-1

[Event "III Open"]
[Site "Bergamo ITA"]
[Date "2004.07.22"]
[Round "2"]
[White "Borgo, Giulio"]
[Black "Sorcinelli, Francesco"]
[Result "1-0"]
[WhiteElo "2409"]
[BlackElo "2096"]
[PlyCount "43"]
[EventDate "2004.07.22"]

1. e4 e5 2. Nf3 Nc6 3. Bb5 a6 4. Ba4 Nf6 5. O-O b5 6. Bb3 Bc5 7. c3 d6 8. d4
Bb6 9. Bg5 h6 10. Bh4 Bb7 11. Qd3 Qe7 12. Nbd2 g5 13. Bg3 O-O-O 14. a4 Nh5 15.
axb5 axb5 16. Qxb5 Nxg3 17. hxg3 exd4 18. Bd5 Na7 19. Rxa7 Bxd5 20. Qa6+ Kb8
21. Qxb6+ cxb6 22. Rxe7 1-0

[Event "III Open"]
[Site "Bergamo ITA"]
[Date "2004.07.22"]
[Round "2"]
[White "Ivanov, Mikhail M."]
[Black "Piantoni, Roberto"]
[Result "1-0"]
[WhiteElo "2463"]
[BlackElo "2124"]
[PlyCount "43"]
[EventDate "2004.07.22"]

1. Nf3 Nf6 2. c4 g6 3. Nc3 Bg7 4. e4 d6 5. d4 O-O 6. h3 c5 7. d5 Na6 8. Bd3 Nc7
9. O-O Rb8 10. Bf4 Nd7 11. Qe2 a6 12. a4 b6 13. e5 Nxe5 14. Nxe5 Bxe5 15. Bxe5
dxe5 16. Qxe5 Rb7 17. a5 b5 18. Ne4 bxc4 19. Bxc4 Rb4 20. b3 Bb7 21. d6 Ne6 22.
dxe7 1-0

[Event "III Open"]
[Site "Bergamo ITA"]
[Date "2004.07.22"]
[Round "2"]
[White "Lalic, Bogdan"]
[Black "Csom, Etelka"]
[Result "1-0"]
[WhiteElo "2527"]
[BlackElo "2145"]
[PlyCount "51"]
[EventDate "2004.07.22"]

1. c4 e5 2. g3 c6 3. d4 e4 4. d5 Qa5+ 5. Nc3 Bb4 6. Qd4 Nf6 7. Bg5 cxd5 8. cxd5
O-O 9. Bxf6 gxf6 10. Bg2 f5 11. Nh3 d6 12. O-O Nd7 13. Qd2 Qd8 14. a3 Ba5 15.
Rac1 Qf6 16. Qf4 a6 17. g4 Qh4 18. Qxf5 Nf6 19. Qf4 Bxc3 20. bxc3 Nxd5 21. Qxe4
Be6 22. c4 Nf6 23. Qf4 Kg7 24. g5 Qxf4 25. Nxf4 Ng4 26. Bxb7 1-0

[Event "III Open"]
[Site "Bergamo ITA"]
[Date "2004.07.22"]
[Round "2"]
[White "Nemeth, Viktoria"]
[Black "Bogza, Adina-Maria"]
[Result "0-1"]
[WhiteElo "1912"]
[BlackElo "2291"]
[PlyCount "110"]
[EventDate "2004.07.22"]

1. e4 g6 2. d4 Bg7 3. Nc3 c6 4. Be2 d6 5. Nf3 Nf6 6. O-O O-O 7. h3 Nbd7 8. Be3
e5 9. dxe5 dxe5 10. Qd2 Qe7 11. Bh6 Nc5 12. Bd3 Rd8 13. Bxg7 Kxg7 14. Qg5 Re8
15. Nh4 h6 16. Qe3 Ne6 17. Nf3 Qc7 18. Rad1 Nf4 19. Ne2 N6h5 20. Nxf4 Nxf4 21.
Nh4 Be6 22. Qg3 g5 23. Nf5+ Bxf5 24. exf5 e4 25. Bc4 b5 26. Qc3+ Qe5 27. Qxe5+
Rxe5 28. f6+ Kxf6 29. Bb3 c5 30. c4 b4 31. Bc2 Ne2+ 32. Kh1 Nd4 33. Rd2 a5 34.
Re1 Nxc2 35. Rxc2 Rd8 36. Rce2 Rd4 37. b3 Ke6 38. f3 f5 39. g4 Kf6 40. Kg1 Rd3
41. fxe4 f4 42. Kh2 Kg6 43. Rg2 Rd4 44. Rge2 h5 45. Kg2 Rd3 46. Kh2 hxg4 47.
hxg4 Kf6 48. Rg2 Re8 49. Kg1 Ke5 50. Rh2 f3 51. Rh7 Rf8 52. Rf1 Kxe4 53. Rc7
Kf4 54. Rxc5 Kg3 55. Rc1 Rh8 0-1

[Event "III Open"]
[Site "Bergamo ITA"]
[Date "2004.07.22"]
[Round "2"]
[White "Vignoli, Ernesto"]
[Black "Blum, Gernot"]
[Result "0-1"]
[WhiteElo "1440"]
[BlackElo "2190"]
[PlyCount "32"]
[EventDate "2004.07.22"]

1. e4 c5 2. Nf3 e6 3. Bc4 a6 4. Nc3 b5 5. Bb3 c4 6. d3 cxb3 7. axb3 Bb7 8. e5
Ne7 9. Bg5 h6 10. Bh4 Qb6 11. O-O Nf5 12. Re1 Nc6 13. Ne4 Ncd4 14. Nxd4 Nxd4
15. Nd6+ Bxd6 16. exd6 16... Qxd6 {...} 0-1

[Event "III Open"]
[Site "Bergamo ITA"]
[Date "2004.07.23"]
[Round "3"]
[White "Bassis, Ivano"]
[Black "Vignoli, Ernesto"]
[Result "1-0"]
[WhiteElo "1916"]
[BlackElo "1440"]
[PlyCount "55"]
[EventDate "2004.07.22"]

1. e4 e5 2. Nf3 Nc6 3. Bb5 a6 4. Bxc6 dxc6 5. O-O Bd6 6. d4 Bg4 7. dxe5 Bxf3 8.
Qxf3 Bxe5 9. Nc3 Qf6 10. Qxf6 Nxf6 11. Bd2 O-O 12. Rfe1 Ng4 13. h3 Nf6 14. Rab1
h6 15. Na4 b6 16. Bc3 Nd7 17. Rbd1 Bd6 18. e5 b5 19. exd6 bxa4 20. dxc7 Nc5 21.
Bb4 Ne6 22. Rxe6 Rfc8 23. Re7 Kf8 24. Rdd7 Kg8 25. Rxf7 Kh7 26. Rxg7+ Kh8 27.
Rh7+ Kg8 28. Rdg7# 1-0

[Event "III Open"]
[Site "Bergamo ITA"]
[Date "2004.07.23"]
[Round "3"]
[White "Belotti, Bruno"]
[Black "Peric, Slavisa"]
[Result "1-0"]
[WhiteElo "2417"]
[BlackElo "2259"]
[PlyCount "65"]
[EventDate "2004.07.22"]

1. c4 e5 2. g3 Nc6 3. Bg2 Nf6 4. Nc3 Bc5 5. Nd5 O-O 6. e3 d6 7. Ne2 Nb4 8. d4
Nbxd5 9. dxc5 Ne7 10. cxd6 cxd6 11. Nc3 Qc7 12. b3 d5 13. Nxd5 Nexd5 14. cxd5
Bg4 15. f3 Bh5 16. g4 Bg6 17. e4 h5 18. h3 hxg4 19. hxg4 Bxe4 20. fxe4 Qc3+ 21.
Bd2 Qg3+ 22. Kf1 Nxg4 23. Qf3 Nh2+ 24. Rxh2 Qxh2 25. Ke2 Qh7 26. Bh3 f5 27. Rh1
Qg6 28. Bxf5 Rxf5 29. exf5 Qa6+ 30. Qd3 b5 31. f6 e4 32. Qh3 b4+ 33. Ke1 1-0

[Event "III Open"]
[Site "Bergamo ITA"]
[Date "2004.07.23"]
[Round "3"]
[White "Bogza, Adina-Maria"]
[Black "Borgo, Giulio"]
[Result "1-0"]
[WhiteElo "2291"]
[BlackElo "2409"]
[PlyCount "121"]
[EventDate "2004.07.22"]

1. Nf3 d5 2. c4 e6 3. e3 Nf6 4. Nc3 c6 5. b3 Nbd7 6. Bb2 Bd6 7. d4 O-O 8. Bd3
dxc4 9. bxc4 e5 10. O-O exd4 11. exd4 Re8 12. Qc2 Nf8 13. Ne4 Nxe4 14. Bxe4 Bg4
15. h3 Bh5 16. Rfe1 Qc7 17. d5 c5 18. Nh4 Bg6 19. Nf5 Bxf5 20. Bxf5 Bh2+ 21.
Kh1 Be5 22. Bxe5 Rxe5 23. Rxe5 Qxe5 24. Rd1 Rd8 25. Qe4 Qd6 26. Qe2 g6 27. Bc2
Nd7 28. Re1 Kg7 29. a4 Nf6 30. Qe7 Qxe7 31. Rxe7 Rd7 32. Re1 Kf8 33. Kg1 Ne8
34. Kf1 Nd6 35. Bd3 h5 36. f4 Re7 37. Re5 h4 38. Kf2 f5 39. g4 hxg3+ 40. Kxg3
Nf7 41. Rxe7 Kxe7 42. h4 Nd6 43. h5 gxh5 44. Kh4 Kf6 45. Kxh5 Nf7 46. a5 Nh8
47. Kh4 Ng6+ 48. Kg3 Nf8 49. Bc2 Ng6 50. Ba4 Ke7 51. Bc2 Kf6 52. Bd1 Ne7 53.
Bc2 Nc8 54. Bd3 b6 55. a6 Nd6 56. Kf3 Ne8 57. Bc2 Nc7 58. d6 Nxa6 59. Bxf5 Nb4
60. Bd7 a6 61. Ke4 $139 1-0

[Event "III Open"]
[Site "Bergamo ITA"]
[Date "2004.07.23"]
[Round "3"]
[White "Castellano, Fabio Marco"]
[Black "Schenal, Giacomo"]
[Result "1-0"]
[WhiteElo "1946"]
[BlackElo "1649"]
[PlyCount "53"]
[EventDate "2004.07.22"]

1. e4 c5 2. Nf3 d6 3. d4 cxd4 4. Nxd4 Nc6 5. Nc3 Nf6 6. Be2 g6 7. O-O Bg7 8.
Be3 O-O 9. Kh1 Ne8 10. f4 e6 11. e5 Nxd4 12. Bxd4 dxe5 13. fxe5 Qa5 14. Bb5 Nc7
15. Qe2 a6 16. Bd3 Nd5 17. Ne4 Rd8 18. Qf2 Qc7 19. Rae1 b5 20. Nf6+ Nxf6 21.
exf6 Bh8 22. Bb6 Qd7 23. Bxd8 Qxd8 24. Rd1 Bb7 25. Bxg6 fxg6 26. Rxd8+ Rxd8 27.
f7+ 1-0

[Event "III Open"]
[Site "Bergamo ITA"]
[Date "2004.07.23"]
[Round "3"]
[White "Drazic, Sinisa"]
[Black "Vezzosi, Paolo"]
[Result "1-0"]
[WhiteElo "2461"]
[BlackElo "2350"]
[PlyCount "149"]
[EventDate "2004.07.22"]

1. e4 g6 2. d4 Bg7 3. Nf3 d6 4. c4 Bg4 5. Be2 Nd7 6. Nc3 c5 7. Be3 cxd4 8. Nxd4
Bxe2 9. Qxe2 Ngf6 10. O-O O-O 11. Rfd1 Rc8 12. b3 Re8 13. Rac1 Qa5 14. f3 a6
15. Qd2 Kf8 16. Bf2 Qh5 17. Be3 Qa5 18. Rc2 Rc7 19. Qc1 h5 20. Na4 Rcc8 21. Bd2
Qc7 22. Be1 Kg8 23. Qd2 Kh7 24. Bf2 Bh6 25. Qb4 Bf8 26. Qe1 Qb8 27. Nb2 Ne5 28.
Qe2 Nc6 29. Nd3 Nd7 30. Qd2 Bh6 31. Qe1 Nde5 32. Nxe5 Nxe5 33. a4 Qc7 34. a5
Nd7 35. g3 Bg7 36. Qb4 Nc5 37. Qa3 Qd7 38. Ne2 Ne6 39. Rd5 Nc7 40. Rd3 f5 41.
exf5 Qxf5 42. Rcd2 Bh6 43. Rd1 Ne6 44. Nd4 Nxd4 45. Bxd4 h4 46. g4 Qf7 47. Bf2
Qf6 48. Qa1 Qxa1 49. Rxa1 g5 50. Re1 Bg7 51. Re6 Bf6 52. Bd4 Bxd4+ 53. Rxd4 Kg7
54. Rd5 Kf7 55. Rh6 Rg8 56. Kf2 Rg7 57. Ke3 Rc6 58. Rf5+ Ke8 59. Rh5 Rc5 60.
Rxc5 dxc5 61. Ke4 Kd7 62. Kd5 Rf7 63. Kxc5 Rxf3 64. b4 Rh3 65. Rxg5 Rxh2 66.
Rh5 h3 67. Kb6 Rb2 68. b5 axb5 69. c5 h2 70. Kxb7 Rc2 71. a6 Rxc5 72. Rxh2 Rc7+
73. Kb6 b4 74. Rd2+ Kc8 75. a7 1-0

[Event "III Open"]
[Site "Bergamo ITA"]
[Date "2004.07.23"]
[Round "3"]
[White "Malakhatko, Vadim"]
[Black "Wall, Gavin"]
[Result "1-0"]
[WhiteElo "2555"]
[BlackElo "2405"]
[PlyCount "49"]
[EventDate "2004.07.22"]

1. d4 f5 2. Nc3 Nf6 3. Bg5 d5 4. Bxf6 exf6 5. e3 Be6 6. Qf3 Nc6 7. Bb5 Qd6 8.
Nge2 O-O-O 9. a3 Ne7 10. Nf4 Bf7 11. Nd3 Kb8 12. Nc5 g5 13. Bd3 h5 14. O-O Bh6
15. Nb5 Qc6 16. a4 Rhe8 17. Ra3 g4 18. Qd1 Be6 19. Rc3 Rc8 20. Rb3 f4 21. Nc3
b6 22. Bb5 Qd6 23. Bxe8 Rxe8 24. Nb5 Qc6 25. Na6+ 1-0

[Event "III Open"]
[Site "Bergamo ITA"]
[Date "2004.07.23"]
[Round "3"]
[White "Nemeth, Viktoria"]
[Black "Andersen, Alf R."]
[Result "0-1"]
[WhiteElo "1912"]
[BlackElo "2186"]
[PlyCount "50"]
[EventDate "2004.07.22"]

1. e4 c5 2. Nf3 d6 3. d4 cxd4 4. Nxd4 Nf6 5. Nc3 g6 6. Be3 Bg7 7. f3 Nc6 8. Qd2
O-O 9. O-O-O Bd7 10. g4 Rc8 11. h4 Ne5 12. h5 Qa5 13. hxg6 fxg6 14. Kb1 Nxf3
15. Nxf3 Bxg4 16. Be2 Rxc3 17. Qxc3 Qxc3 18. bxc3 Nxe4 19. Bd4 e5 20. Nxe5 Bxe2
21. Nd7 Rf7 22. Rde1 Bf3 23. Rh3 Rxd7 24. Kc1 Ng5 25. Rg3 h6 0-1

[Event "III Open"]
[Site "Bergamo ITA"]
[Date "2004.07.23"]
[Round "3"]
[White "Pilgaard, Kim"]
[Black "Dervishi, Erald"]
[Result "0-1"]
[WhiteElo "2393"]
[BlackElo "2486"]
[PlyCount "70"]
[EventDate "2004.07.22"]

1. e4 e5 2. Nf3 Nc6 3. Bc4 Nf6 4. Ng5 d5 5. exd5 Na5 6. Bb5+ c6 7. dxc6 bxc6 8.
Be2 h6 9. Nh3 g5 10. d3 Bg7 11. Nc3 O-O 12. Ng1 Nb7 13. Bf3 Qc7 14. h3 Nd6 15.
Nge2 Nf5 16. O-O Nh4 17. Ng3 Rb8 18. Nh5 Nxf3+ 19. Qxf3 Nxh5 20. Qxh5 Bf5 21.
Rb1 Bg6 22. Qe2 f5 23. b3 Rbe8 24. Bb2 h5 25. Rfe1 g4 26. hxg4 hxg4 27. Qd2 Kf7
28. Ne2 Rh8 29. Qc3 Bf6 30. Nf4 Qd6 31. Qc4+ Kg7 32. Nxg6 Kxg6 33. g3 c5 34. f3
Qc6 35. Rf1 Rh3 0-1

[Event "III Open"]
[Site "Bergamo ITA"]
[Date "2004.07.23"]
[Round "3"]
[White "Pirola, Andrea"]
[Black "Lapiccirella, Daniele"]
[Result "1-0"]
[WhiteElo "2088"]
[BlackElo "2104"]
[PlyCount "27"]
[EventDate "2004.07.22"]

1. d4 d5 2. Nf3 Nf6 3. Bf4 e6 4. Nbd2 c5 5. e3 Qb6 6. Rb1 Nc6 7. c3 Bd7 8. Bd3
Rc8 9. Qe2 Be7 10. Ne5 a6 11. O-O O-O 12. Bg5 Rfd8 13. f4 Ne8 14. Bxh7+ 1-0

[Event "III Open"]
[Site "Bergamo ITA"]
[Date "2004.07.23"]
[Round "3"]
[White "Sorcinelli, Francesco"]
[Black "Scarabelli, Maurizio"]
[Result "1-0"]
[WhiteElo "2096"]
[BlackElo "1727"]
[PlyCount "44"]
[EventDate "2004.07.22"]

1. e4 c5 2. Nf3 e6 3. Nc3 a6 4. g3 Nc6 5. Bg2 d6 6. O-O Nf6 7. d4 cxd4 8. Nxd4
Be7 9. Nxc6 bxc6 10. e5 Nd5 11. exd6 Bxd6 12. Ne4 Be5 13. c4 Ne7 14. Qxd8+ Kxd8
15. Be3 Rb8 16. Rad1+ Ke8 17. b3 f5 18. Nd6+ Kf8 19. Nxf5 Kf7 20. Nxe7 Kxe7 21.
Bxc6 h5 22. h4 Bd6 1-0

[Event "III Open"]
[Site "Bergamo ITA"]
[Date "2004.07.23"]
[Round "3"]
[White "Tedoldi, Guido"]
[Black "Sala, Marcello"]
[Result "0-1"]
[WhiteElo "1440"]
[BlackElo "1600"]
[PlyCount "42"]
[EventDate "2004.07.22"]

1. c4 c5 2. d4 cxd4 3. Qxd4 Nc6 4. Qd1 e6 5. e4 Nf6 6. Nc3 Bb4 7. Bd2 d5 8.
cxd5 exd5 9. exd5 Nxd5 10. Nxd5 Qxd5 11. Bxb4 Nxb4 12. Qa4+ Nc6 13. Nf3 O-O 14.
Qd1 Re8+ 15. Be2 Qe4 16. Qd2 Bg4 17. Rd1 Rad8 18. Nd4 Rxd4 19. Qe3 Rxd1+ 20.
Kxd1 Qb1+ 21. Kd2 Qxb2+ 0-1

[Event "III Open"]
[Site "Bergamo ITA"]
[Date "2004.07.23"]
[Round "4"]
[White "Borgo, Giulio"]
[Black "Annoni, Riccardo"]
[Result "1-0"]
[WhiteElo "2409"]
[BlackElo "2086"]
[PlyCount "65"]
[EventDate "2004.07.22"]

1. Nf3 d5 2. d4 Nc6 3. g3 Bg4 4. Bg2 Qd7 5. h3 Bf5 6. c3 Nf6 7. Bf4 h6 8. Nbd2
Ne4 9. Nb3 e6 10. O-O O-O-O 11. Rc1 f6 12. c4 g5 13. Be3 g4 14. hxg4 Bxg4 15.
Nfd2 Nxd2 16. Qxd2 h5 17. cxd5 exd5 18. Nc5 Qf5 19. Bf4 Bd6 20. e4 Bxf4 21.
gxf4 Qg6 22. f5 Qg8 23. Kh2 dxe4 24. Bxe4 Rxd4 25. Qe3 Qd8 26. Nxb7 Rxe4 27.
Qxe4 Kxb7 28. Qxc6+ Kb8 29. Rc3 Qd6+ 30. Qxd6 cxd6 31. Re1 Bxf5 32. Rf3 Bd7 33.
Rxf6 1-0

[Event "III Open"]
[Site "Bergamo ITA"]
[Date "2004.07.23"]
[Round "4"]
[White "Ivanov, Mikhail M."]
[Black "Sorcinelli, Francesco"]
[Result "1-0"]
[WhiteElo "2463"]
[BlackElo "2096"]
[PlyCount "39"]
[EventDate "2004.07.22"]

1. Nf3 d6 2. d4 Nf6 3. c4 g6 4. Nc3 Bg7 5. e4 O-O 6. h3 e5 7. d5 a5 8. Bg5 h6
9. Be3 Na6 10. g4 Nd7 11. Rg1 Kh7 12. h4 Ndc5 13. h5 g5 14. Nd2 Bd7 15. Be2 b6
16. f3 Rb8 17. Nf1 f6 18. Ng3 Qe8 19. Nb5 Bxb5 20. cxb5 1-0

[Event "III Open"]
[Site "Bergamo ITA"]
[Date "2004.07.23"]
[Round "4"]
[White "Sala, Marcello"]
[Black "Ranfagni, Stefano"]
[Result "1-0"]
[WhiteElo "1600"]
[BlackElo "1841"]
[PlyCount "51"]
[EventDate "2004.07.22"]

1. b3 d6 2. Bb2 e5 3. e3 Nf6 4. Nc3 Nc6 5. Bb5 Bd7 6. Nge2 a6 7. Bxc6 Bxc6 8.
f3 Be7 9. d4 e4 10. d5 exf3 11. gxf3 Bd7 12. Ng3 h5 13. Qd3 Qc8 14. h4 Rh6 15.
O-O-O Rg6 16. Rdg1 b5 17. Nce2 c5 18. Nf4 c4 19. bxc4 bxc4 20. Qd4 Rh6 21.
Ngxh5 Nxh5 22. Nxh5 Rxh5 23. Rxg7 Re5 24. f4 Bf8 25. Rg8 Re7 26. Rxf8+ 1-0